000 01321nam a2200325 a 4500
001 14615
003 BD-RjUL
005 20211208235648.0
008 140206s1986 ne b 101 0 eng d
020 _a0444426914 (vol. 26)
020 _a0444417370 (series)
035 _a(BD-RjUL)14668
040 _aDLC
_cDLC
_beng
_dBD-RjUL
041 _aeng
082 _a547.7
_bNEW
111 2 _aInternational Symposium and Pakistan-U.S. Binational Workshop on Natural Products Chemistry
_d1986 :
_cKarachi, Pakistan)
_n(2nd.
_9206892
245 1 0 _aNew trends in natural products chemistry, 1986 :
_bproceedings of the Second International Symposium and Pakistan-U.S. Binational Workshop on Natural Products Chemistry, Karachi, Pakistan, 18-25 January 1986 /
_cedited by Atta-ur-Rahman, Philip W. Le Quesne
260 _aAmsterdam ;
_aOxford :
_bElsevier,
_c1986.
300 _axiii, 674 p. :
_bill. ;
_c25 cm.
490 _aStudies in organic chemistry
_v26
504 _aIncludes bibliographies and index.
650 0 _aNatural products
_xCongresses
_945557
650 0 _aChemistry
_9214134
700 1 _aRahman, Atta-ur-,
_d1942-
_945559
700 1 _aLe Quesne, Philip W.
_945560
830 0 _v26
_9214135
830 0 _aStudies in organic chemistry (Elsevier) ;
_9214136
942 _2ddc
_cBK
999 _c14615
_d14615